000 00788nam a22002295i 4500
001 167377
003 ES-MaACL
005 20230906213519.0
008 000809s1860 fr |||| | fre d
040 _aCCPB | B
_bspa
_cCCPB | B
100 1 _aViardot, Louis.
_9114298
245 1 4 _aLes musées de France Paris
_b: guide et memento de l'artiste et du voyageur ... /
_cpar Louis Viardot.
250 _a2e éd. rev. augm.
260 _aParis :
_bL. Hachette,
_c1860.
300 _a520 p. ;
_c20 cm.
490 1 _aLes musées d'Europe
650 4 _aMuseos-
_xHistoria-
_zFrancia-
_yS. \RXIX\R.
_9234187
752 _aFrancia -
_dParís
830 0 _aLes musées d'Europe
_9188710
852 _aES-MaACL
_jF-13311
_z-- Enc. hol.
_x-- Completar 260: (Ch. Lahure)
999 _c167377
_d167377